Top 30 : Luidji - Statistiques

Statistiques générales
  • Ce quiz a été pris 81 fois
  • Le résultat moyen est 16 sur 30
Statistiques - réponses
Top Titres Featuring % Correct
5 Monde Ryan Koffi
95%
2 Foufoune Palace
86%
1 Pour deux âmes solitaires (Part.1)
85%
7 Pour deux âmes solitaires (Part.2)
85%
3 Système
80%
6 Gisèle - Part 4
79%
23 Gisèle - Part 4 - Piano Session
79%
28 GO! Theodora
71%
10 ALEXIS
68%
12 Miskine
64%
18 Joueur 1 Tuerie
62%
4 Reste en Vie
62%
8 Néons rouges / Belles chansons
59%
16 Télefoot
59%
9 Le remède
55%
11 Tu le mérites
53%
17 Bahia
52%
15 Pornstar Martini MadeInParis
44%
24 Christian Dior
41%
26 Les Aéroports et les Gares Astrønne
41%
19 Femme flic
39%
21 Palace Mafia
39%
25 Cabine
36%
14 Agoué
33%
22 Sérénade
33%
20 Vent d'hiver
27%
13 Mauvais réflexe
26%
29 Nazaré
23%
30 MAMIMAMI
21%
27 AYIDA
12%
Aucun quiz correspondant
Distribution des résultats
% des personnes avec chaque résultat
Percentile par nombre de réponses
Votre historique - résultats
Vous n’avez pas pris ce quiz